000 004550000a22001810004500
003 MACL
005 20160120115744.0
008 160120b xxu||||| |||| 00| 0 eng d
040 _aMACL
_cMACL
041 _aEnglish
082 _a332.1/VAR
100 _aVarshney, P.N.
_933488
245 _aBanking Law and Practice
260 _bSultan Chand and sons
_c1987
_aNew Delhi
350 _a28.00
650 _aEconomics
_933489
942 _cBK
_k332.1/VAR
_2ddc
999 _c38372
_d38372